[Event "Udaipur Pandiyar op 8th"]
[Site "Udaipur"]
[Date "2023.10.16"]
[Round "4"]
[White "Mandloi, Mukesh"]
[Black "Sham, R."]
[Result "0-1"]
[WhiteElo "1534"]
[BlackElo "1825"]
[PlyCount "68"]
[EventDate "2023.10.15"]
[EventType "swiss"]
[EventRounds "9"]
[EventCountry "IND"]
[SourceTitle "Mega2024 Update 01"]
[Source "Chessbase"]
[SourceDate "2023.11.12"]
[SourceVersion "1"]
[SourceVersionDate "2023.11.12"]
[SourceQuality "1"]

1. d4 e6 2. c4 b6 3. Nc3 Bb7 4. e4 Bb4 5. Bd3 f5 6. f3 Qh4+ 7. g3 Qh5 8. Bf4 fxe4 9. fxe4 Qxd1+ 10. Kxd1 Bxc3 11. bxc3 Nf6 12. d5 exd5 13. cxd5 Nxd5 14. Ne2 Nxf4 15. Nxf4 Nc6 16. Kc2 0-0-0 17. Rhf1 Ne5 18. Nd5 Rdf8 19. Rf4 Rxf4 20. gxf4 Nxd3 21. Kxd3 Rf8 22. Ke3 Bxd5 23. exd5 Rf5 24. c4 Rh5 25. Rg1 g6 26. Rg2 Kd8 27. Kf3 Rh3+ 28. Ke4 Ke7 29. Kd4 Kd6 30. Re2 Rh4 31. Ke3 Kc5 32. Rc2 Rh3+ 33. Ke4 d6 34. a4 a5 0-1

[Event "IND-chT 41st"]
[Site "Jalgaon"]
[Date "2022.04.12"]
[Round "7.1"]
[White "Raja, Rithvik R"]
[Black "Mandloi, Mukesh"]
[Result "1-0"]
[WhiteElo "2490"]
[BlackElo "1691"]
[PlyCount "60"]
[EventDate "2022.04.08"]
[EventType "team-swiss"]
[EventRounds "9"]
[EventCountry "IND"]
[SourceTitle "CBM 208 Extra"]
[Source "ChessBase"]
[SourceDate "2022.07.31"]
[SourceVersion "1"]
[SourceVersionDate "2022.07.31"]
[SourceQuality "1"]
[WhiteTeam "Airports Authority"]
[BlackTeam "Rajastan"]
[WhiteTeamCountry "IND"]
[BlackTeamCountry "IND"]

1. c4 Nf6 2. Nc3 c5 3. Nf3 Nc6 4. g3 g6 5. Bg2 Bg7 6. d4 cxd4 7. Nxd4 0-0 8. 0-0 d5 9. cxd5 Nxd5 10. Nxd5 Nxd4 11. Bg5 Nc6 12. Rc1 h6 13. Rxc6 hxg5 14. Rc7 Be5 15. Rxe7 Bd6 16. Re3 Be6 17. Rd3 Be5 18. Nf4 Qb6 19. Nxe6 Qxe6 20. Bxb7 Rab8 21. Bd5 Qh3 22. Bg2 Qe6 23. b3 Kg7 24. Rd7 a5 25. Qd5 Rb6 26. Rd1 Bc3 27. Qxg5 Qxe2 28. Qc5 Rf6 29. Qxc3 Qxf2+ 30. Kh1 Re8 1-0

[Event "IND-chT 41st"]
[Site "Jalgaon"]
[Date "2022.04.09"]
[Round "2.2"]
[White "Shyam, Nikil P"]
[Black "Mandloi, Mukesh"]
[Result "1-0"]
[WhiteElo "2441"]
[BlackElo "1691"]
[PlyCount "111"]
[EventDate "2022.04.08"]
[EventType "team-swiss"]
[EventRounds "9"]
[EventCountry "IND"]
[SourceTitle "CBM 208 Extra"]
[Source "ChessBase"]
[SourceDate "2022.07.31"]
[SourceVersion "1"]
[SourceVersionDate "2022.07.31"]
[SourceQuality "1"]
[WhiteTeam "RSPB"]
[BlackTeam "Rajastan"]
[WhiteTeamCountry "IND"]
[BlackTeamCountry "IND"]

1. Nf3 Nf6 2. g3 e6 3. Bg2 d5 4. 0-0 Be7 5. d3 0-0 6. Nbd2 Nbd7 7. e4 dxe4 8. dxe4 a5 9. e5 Nd5 10. Ne4 Nc5 11. Nxc5 Bxc5 12. Bg5 Be7 13. h4 h6 14. Bxe7 Qxe7 15. Qe2 b6 16. c4 Ba6 17. Qe4 Qb4 18. Rfc1 Ne7 19. Rc2 Rab8 20. a4 Qxa4 21. Rc3 Bb7 22. Qe2 Rbd8 23. b3 Qd7 24. b4 Nf5 25. bxa5 bxa5 26. c5 Bc6 27. Rac1 a4 28. h5 Bxf3 29. Qxf3 Qd2 30. Bf1 Nd4 31. Qe3 Nb3 32. Qxd2 Rxd2 33. Re1 Ra2 34. Rd1 Ra3 35. c6 Ra1 36. Rxa1 Nxa1 37. Ra3 Nb3 38. Rxa4 Re8 39. Ra7 Re7 40. Ra8+ Kh7 41. Rd8 Nc5 42. Bd3+ g6 43. Bc2 Kg7 44. hxg6 f5 45. exf6+ Kxf6 46. Rh8 e5 47. Rxh6 e4 48. Rh7 Rxh7 49. gxh7 Kg7 50. Kf1 Kxh7 51. Ke2 Kg6 52. Ke3 Kf5 53. f3 Ke5 54. Bxe4 Nb3 55. f4+ Kd6 56. g4 1-0

[Event "Guwahati op 1st"]
[Site "Guwahati"]
[Date "2022.03.15"]
[Round "2"]
[White "Mandloi, Mukesh"]
[Black "Rios, Cristhian Camilo"]
[Result "0-1"]
[WhiteElo "1749"]
[BlackElo "2449"]
[PlyCount "52"]
[EventDate "2022.03.14"]
[EventType "swiss"]
[EventRounds "10"]
[EventCountry "IND"]
[SourceTitle "CBM 207 Extra"]
[Source "ChessBase"]
[SourceDate "2022.05.31"]
[SourceVersion "1"]
[SourceVersionDate "2022.05.31"]
[SourceQuality "1"]

1. d4 d5 2. c4 e6 3. Nc3 Bb4 4. Qa4+ Nc6 5. Nf3 Nf6 6. Bg5 dxc4 7. e3 Qd5 8. Bxf6 gxf6 9. a3 Bxc3+ 10. bxc3 b5 11. Qc2 a6 12. Be2 Bb7 13. a4 Na5 14. axb5 axb5 15. 0-0 Rg8 16. Qxh7 Ke7 17. Rxa5 Rh8 18. Qb1 Rxa5 19. e4 Qd6 20. e5 fxe5 21. dxe5 Qc5 22. Rd1 Bxf3 23. Bxf3 Rd8 24. g3 Rxd1+ 25. Bxd1 Ra7 26. Qe4 Ra1 0-1

[Event "Pattaya op"]
[Site "Pattaya"]
[Date "2019.10.29"]
[Round "8"]
[White "Gras, Guillaume"]
[Black "Mandloi, Mukesh"]
[Result "0-1"]
[WhiteElo "2072"]
[BlackElo "1685"]
[PlyCount "62"]
[EventDate "2019.10.23"]
[EventType "swiss"]
[EventRounds "9"]
[EventCountry "THA"]
[SourceTitle "CBM 195 Extra"]
[Source "ChessBase"]
[SourceDate "2020.05.31"]
[SourceVersion "1"]
[SourceVersionDate "2020.05.31"]
[SourceQuality "1"]

1. e4 d6 2. d4 Nf6 3. Nc3 g6 4. Be2 Bg7 5. g4 c5 6. g5 Nfd7 7. d5 Na6 8. h4 Rb8 9. h5 b5 10. a4 bxa4 11. Rxa4 Nc7 12. Rxa7 Ra8 13. Rxa8 Nxa8 14. Nb5 Ba6 15. Qd3 Qa5+ 16. Kd1 c4 17. Qxc4 0-0 18. Qb3 Rb8 19. c4 Nc5 20. Qe3 Qa4+ 21. Ke1 Qa1 22. Bd1 Nb6 23. b3 Bxb5 24. cxb5 Nxe4 25. hxg6 hxg6 26. Ne2 Nc3 27. Nxc3 Bxc3+ 28. Bd2 Nxd5 29. Qd3 Bxd2+ 30. Kxd2 Qa5+ 31. Ke2 Nf4+ 0-1